000 00465nam a2200133Ia 4500
008 160809s9999 xx 000 0 und d
100 _aV, Nandini.
245 _aDengue Detection and Prediction System Using Data Mining with Frequency Analysis
245 _cNandini V, Sriranjitha R and Yazhini T. P.
260 _bComputer Science and Information Technology
260 _cJuly 2016
650 _xINFORMATION TECHNOLOGY
856 _uhttp://airccse.org/V6N56.html
999 _c300138
_d300138